Academic inflation calculators (Record no. 75335)

MARC details
000 -LEADER
fixed length control field 00930cab a2200181 4500
001 - CONTROL NUMBER
control field L129903
008 - FIXED-LENGTH DATA ELEMENTS--GENERAL INFORMATION
fixed length control field 050603n2005 000 0 eng u
035 ## - SYSTEM CONTROL NUMBER
System control number (Sirsi) u129903
041 ## - LANGUAGE CODE
Language code of text/sound track or separate title eng
100 ## - MAIN ENTRY--PERSONAL NAME
Personal name Horton, Karl
245 ## - TITLE STATEMENT
Title Academic inflation calculators
260 ## - PUBLICATION, DISTRIBUTION, ETC.
Date of publication, distribution, etc. 2005
490 ## - SERIES STATEMENT
Series statement QS Week
Volume/sequential designation 25 May 2005, 12-13(2)
520 ## - SUMMARY, ETC.
Summary, etc. Illustrates how project costs are often updated using published indices to reflect current prices which can give rise to problems if there is an assumption that inflation affects all projects equally. For example, the price of metal,particularly steel and copper, has risen dramatically but this mainly affects those facilities constructed predominantly from steel. Costs for sports hall frames have risen by 45%, whilst the costs for structures built from other materials have not risen as fast.
590 ## - LOCAL NOTE (RLIN)
Local note IKA070605
690 ## - LOCAL SUBJECT ADDED ENTRY--TOPICAL TERM (OCLC, RLIN)
Topical term or geographic name as entry element BUILT ENVIRONMENT-BUILDING COSTS
942 ## - ADDED ENTRY ELEMENTS (KOHA)
Suppress in OPAC 0
Holdings
Withdrawn status Lost status Source of classification or shelving scheme Damaged status Not for loan Home library Current library Shelving location Date acquired Total Checkouts Full call number Barcode Date last seen Copy number Price effective from Koha item type
    Dewey Decimal Classification     London London Journal article 06/06/2005   L129903 129903-1001 06/08/2019 1 06/08/2019 Journal article